000 00717nam a2200217 a 4500
001 000043613
005 20201002044859.0
008 140331s1970 sp 000 0 spa d
040 _aDO-SdBNP
_bspa
_cBNPHU
082 _a862.3
_bV422v
100 1 _aVega, Lope de
_d1562-1635
_93084
245 1 0 _aEl villano en su rincon :
_bLa dama boba /
_cLope de Vega; prólogo Justo García Morales.
260 _aMadrid :
_bLibra,
_c1970.
300 _a206 p. ;
_c17 cm.
490 1 _aPurpura
_v7
500 _aDos obras encuadernadas juntas con paginación continua.
650 4 _aTeatro español
_93071
650 4 _aLiteratura española
_9632
700 1 2 _aGarcía Morales, Justo
_eprol.
_932285
830 0 _aPurpura
_n7
_971425
999 _c43102
_d43102